Derechos humanos (Registro nro. 8554)
[ vista simple ]
| 000 -LEADER | |
|---|---|
| fixed length control field | 01350nas a2200241 454500 |
| 001 - CONTROL NUMBER | |
| control field | 22278 |
| 005 - DATE AND TIME OF LATEST TRANSACTION | |
| control field | 20260407193506.0 |
| 008 - FIXED-LENGTH DATA ELEMENTS--GENERAL INFORMATION | |
| fixed length control field | 260407s2012####ag###########|||spa#d |
| 003 - CONTROL NUMBER IDENTIFIER | |
| control field | AR-UNSa-BCEJYS |
| 040 ## - CATALOGING SOURCE | |
| Original cataloging agency | AR-UNSa-BCEJYS |
| Language of cataloging | spa |
| Transcribing agency | AR-UNSa-BCEJYS |
| 080 ## - UNIVERSAL DECIMAL CLASSIFICATION NUMBER | |
| Universal Decimal Classification number | 342.7 |
| Common auxiliary subdivision | Derechos fundamentales. Derechos humanos. Derechos y deberes de los ciudadanos (Derecho a la Salud, vivienda) |
| 022 ## - INTERNATIONAL STANDARD SERIAL NUMBER | |
| International Standard Serial Number | 2346-870X |
| 100 1# - MAIN ENTRY--PERSONAL NAME | |
| Personal name | Rey, Sebastián Alejandro |
| 245 10 - TITLE STATEMENT | |
| Title | Derechos humanos |
| 264 #1 - PRODUCTION, PUBLICATION, DISTRIBUTION, MANUFACTURE, AND COPYRIGHT NOTICE | |
| Place of production, publication, distribution, manufacture | Buenos Aires : |
| Name of producer, publisher, distributor, manufacturer | Ministerio de Justicia y Derechos Humanos de la Nación |
| Date of production, publication, distribution, manufacture, or copyright notice | 2012 |
| 310 ## - CURRENT PUBLICATION FREQUENCY | |
| Current publication frequency | Frecuencia: Trimestral |
| 505 ## - FORMATTED CONTENTS NOTE | |
| Formatted contents note | En cada número se desarrollan distintos temas de actualidad, reflejando los nuevos criterios jurisprudenciales de los tribunales nacionales e internacionales encargados de aplicar los tratados de derechos humanos. Ofreciendo, además, una excelente integración de trabajos de doctrina, entrevistas a personas que aporten una visión innovadora a las discusiones sobre derechos humanos, reseñas bibliográficas de libros de reciente divulgación y diferentes novedades sobre la materia. |
| 590 ## - LOCAL NOTE (RLIN) | |
| Local note | niveau_biblio:s niveau_hierar:1 |
| 650 ## - SUBJECT ADDED ENTRY--TOPICAL TERM | |
| Topical term or geographic name entry element | Derechos humanos |
| 650 ## - SUBJECT ADDED ENTRY--TOPICAL TERM | |
| Topical term or geographic name entry element | JURISPRUDENCIA |
| 856 41 - ELECTRONIC LOCATION AND ACCESS | |
| Uniform Resource Identifier | <a href="https://biblioeco.unsa.edu.ar/pmb/images/revistas/Derechos Humanos.jpg">https://biblioeco.unsa.edu.ar/pmb/images/revistas/Derechos Humanos.jpg</a> |
| Link text | Imagen de portada |
| Electronic format type | image/jpeg |
| 942 ## - ADDED ENTRY ELEMENTS (KOHA) | |
| Koha item type | |
| Withdrawn status | Lost status | Damaged status | Not for loan | Home library | Current library | Shelving location | Date acquired | Serial enumeration / chronology | Total checkouts | Full call number | Barcode | Date last seen | Price effective from | Koha item type |
|---|---|---|---|---|---|---|---|---|---|---|---|---|---|---|
| Biblioteca Prof. Eusebio Cleto del Rey | Biblioteca Prof. Eusebio Cleto del Rey | 01/09/2015 | Año III, Nº 7 - sep. 2015 | H342.7 HUM 7 | R17595 | 10/04/2026 | 10/04/2026 | Numero | ||||||
| Biblioteca Prof. Eusebio Cleto del Rey | Biblioteca Prof. Eusebio Cleto del Rey | 01/05/2015 | Año III, Nº 6/B - mayo 2015 | H342.7 HUM 6/B | R14761 | 10/04/2026 | 10/04/2026 | Numero | ||||||
| Biblioteca Prof. Eusebio Cleto del Rey | Biblioteca Prof. Eusebio Cleto del Rey | 01/01/2015 | Año III, Nº 6/A - ene. 2015 | H342.7 HUM 6/A | R13722 | 10/04/2026 | 10/04/2026 | Numero | ||||||
| Biblioteca Prof. Eusebio Cleto del Rey | Biblioteca Prof. Eusebio Cleto del Rey | 01/06/2014 | Año III, Nº 5 - jun. 2014 | H342.7 HUM 5 | R12485 | 10/04/2026 | 10/04/2026 | Numero | ||||||
| Biblioteca Prof. Eusebio Cleto del Rey | Biblioteca Prof. Eusebio Cleto del Rey | 01/11/2013 | Año II, Nº 4 - nov. 2013 | H342.7 HUM 4 | R10576 | 10/04/2026 | 10/04/2026 | Numero |